000 01391cam a2200397 4500
999 _c23450
_d23450
001 vtls011776578
005 20221011074320.0
008 200316s2018 xo g 000 f slo
020 _a9788055160023
_q(viazané)
035 _aurn:nbn:sk:snk-am00di20
035 _aurn:nbn:sk:snk-am3i2zk
035 _aE57EC16E-AD69-4AB9-A19A-81A0B7EA334B
040 _aSNK
_bslo
_cSNK
_dSVKBB
_dSNK
_erda
041 1 _aslo
_heng
044 _axo
_cSK
072 7 _a821.111(73)-3
_xAmerická próza
_2konspekt
080 _a821.111(73)-31
_22011
080 _a(0:82-312.4)
_22011
100 1 _aHamilton, Steve,
_d1961-
_4aut
_93670
240 1 4 _aThe Second Life of Nick Mason
_lSlovensky
245 1 0 _aDruhý život Nicka Masona
_cSteve Hamilton ; preložil Matúš Kyčina ; verše preložila Jana Kantorová-Báliková
264 1 _aBratislava
_bIkar
_c2018
300 _a284 strán
_c21 cm
336 _atext
_btxt
_2rdacontent
337 _abez média
_bn
_2rdamedia
338 _azväzok
_bnc
_2rdacarrier
655 7 _aamerické romány
_2SNKPH
_92
655 7 _aAmerican fiction
_2SNKPHeng
_93
655 7 _atrilery (romány)
_2SNKPH
_92135
655 7 _aThrillers (novels)
_2SNKPHeng
_91722
700 1 _aKyčina, Matúš
_4trl
_91719
700 1 _aKantorová-Báliková, Jana,
_d1951-
_4trl
_92662
958 _aLX
958 _aUP